02041nam a2200217Ia 4500001000400000008004100004010000800045041001400053082001400067245019300081260001800274300000800292520000600300630002100306630002400327630002200351650002400373700004800397700004300445520133500488792241029s9999 xx 000 0 und d a715 aEspañol aNO APLICA 0aImportancia que tiene el trabajo en equipo en la toma de decisiones administrativas. Un análisis en siete Centros Educativos Del Nivel Medio Del Distrito 12-01 De Higuey, Enero-Mayo 2013 aLa Altagracia a112 a6 aImplementación aTrabajo Cooperativo aTrabajo en Equipo aGestión Educativa easesoraVargas de Mañón, María Regla  eautora Mendoza Mercedes, Narda Oneida aEl objetivo de esta investigación es analizar de qué manera el trabajo en equipo influye en las tomas de decisiones administrativas en un análisis en siete Centros Educativos del Nivel Medio del Distrito Educativo 12-01 de Higuey.Las preguntas de investigación son: ¿Cuáles son los principios de un estilo de liderazgo que promueve un trabajo en equipo? ¿Cuál es el rol del líder en los equipos de trabajo? ¿Cómo están organizados los centros en sus gestiones administrativas y en la toma de decisiones? ¿Cuál es la importancia que tiene el integrarse a trabajar en equipo y la toma de decisiones?  y ¿Cómo laboran los equipos de alto rendimiento y cómo pueden ser funcionales?Se aplicó un cuestionario a 17 directores, 18 administrativos y 96 docentes.El trabajo en equipo hace que el desempeño sea más eficiente y se logren objetivos con mayor rapidez.  Se toma en cuenta la opinión del personal para la toma de decisiones. Las buenas relaciones humanas son esenciales para  realizar un trabajo en equipo.   La comunicación cuando no es efectiva trae serios problemas.El docente es más eficiente cuando se involucra en el quehacer. El rol del líder consiste en ejercer influencia sobre las personas e inspira, motiva y dirige sus actividades para alcanzar las metas establecidas.